5HLuxD.jpg

KING HENRY VIII SENIOR AND PRIMARY SCHOOL LIBRARY OPAC

THE 13-STOREY TREEHOUSE (Record no. 5231)

000 -LEADER
fixed length control field 00352nam a22001217a 4500
008 - FIXED-LENGTH DATA ELEMENTS--GENERAL INFORMATION
fixed length control field 250827b ||||| |||| 00| 0 eng d
020 ## - INTERNATIONAL STANDARD BOOK NUMBER
International Standard Book Number 9781447279785
082 ## - DEWEY DECIMAL CLASSIFICATION NUMBER
Classification number 823.92 GRI
100 ## - MAIN ENTRY--PERSONAL NAME
Personal name GRIFFITHS,ANDY
Relator term AUTHOR
Language of a work ENGLISH
245 ## - TITLE STATEMENT
Title THE 13-STOREY TREEHOUSE
260 ## - PUBLICATION, DISTRIBUTION, ETC.
Place of publication, distribution, etc. 2O NEW WHARF ROAD,LONDON N1 9RR
Name of publisher, distributor, etc. MACMILLAN CHILDREN'S BOOK
Date of publication, distribution, etc. 2011
942 ## - ADDED ENTRY ELEMENTS (KOHA)
Source of classification or shelving scheme
Holdings
Withdrawn status Lost status Source of classification or shelving scheme Damaged status Not for loan Collection code Permanent Location Current Location Shelving location Date acquired Total Checkouts Full call number Barcode Date last seen Date last checked out Price effective from Koha item type Public note Date due
          Fiction KH8 Primary School Library KH8 Primary School Library Fiction 2025-08-27 4 823.92 GRI KHPL000007645 2026-03-06 2026-02-27 2025-08-27 Books - Fiction KH8 PRIMARY LIBRARY  
          Fiction KH8 Primary School Library KH8 Primary School Library Fiction 2025-08-27 6 823.92 GRI KHPL000007646 2026-04-10 2026-04-10 2025-08-27 Books - Fiction KH8 PRIMARY LIBRARY 2026-04-20

Powered By KH8 IT Dept